Návrh ističa na istenie motorov : Dipl.práca

Guardado en:
Detalles Bibliográficos
Autor principal: Trepáč, Matúš (Autor)
Otros Autores: Valent, Ferdinand, 1940- (Orientador)
Formato: Manuscrito Libro
Lenguaje:eslovaco
Publicado: Bratislava : STU v Bratislave FEI, 1999
Materias:
Etiquetas: Agregar Etiqueta
Sin Etiquetas, Sea el primero en etiquetar este registro!

MARC

LEADER 00000ntm a22000003a 4500
001 stu52339
005 20160719164906.7
008 000229s1999----xo------------------slo-d
040 |a STU  |b slo 
041 0 |a slo 
044 |a xo 
100 1 |a Trepáč, Matúš  |4 aut 
245 1 |a Návrh ističa na istenie motorov :  |b Dipl.práca 
260 |a Bratislava :  |b STU v Bratislave FEI,  |c 1999 
300 |a 71 s  |c príl. 
650 7 |a Elektroenergetické a silnoprúdové inžinierstvo  |2 stusub 
700 1 |a Valent, Ferdinand,  |d 1940-  |4 ths  |u E020  |U FEI Fakulta elektrotechniky a informatiky  |T FEI Ústav elektroenergetiky a aplikovanej elektrotechniky  |X 3652  |U E020  |Y 548  |7 A000003652